00221nam a2200097 a 4500008004100000050001600041100001900057245002900076260000900105350000900114120416s1966 xx |||||||||||||| || u aTS 1892 Mac aMcKay, Herbert10aRubber and its many uses c1966 a0.00